| 000 | 00558nam a2200169 a 4500 | ||
|---|---|---|---|
| 001 | 000034379 | ||
| 005 | 20200930073652.0 | ||
| 008 | 111004s2007 es a 000 0 spa d | ||
| 020 | _a9788496515420 | ||
| 040 |
_aDO-SdBNP _bspa _cBNPHU |
||
| 100 | 1 |
_aCoto Milán, Pablo _959796 |
|
| 245 | 1 | 0 |
_aImpacto de la nueva economía sobre el transporte / _cPablo Coto Milán, Vicente Iglada López de Sabando. |
| 260 |
_aBilbao : _bFundación BBVA, _c2007. |
||
| 300 |
_a295 p. : _bil. ; _c24 cm. |
||
| 700 | 1 |
_aLópez de Sabando, Vicente Iglada _959797 |
|
| 049 | _aBNPD | ||
| 999 |
_c33870 _d33870 |
||